[Event "C.to Regionale Umbria"]
[Site "Foligno ITA"]
[Date "2010.06.06"]
[Round "5"]
[White "Pulcini, Lorenzo"]
[Black "Yamauchi, Juan"]
[Result "1/2-1/2"]
[WhiteElo "1518"]
[BlackElo "1487"]
[PlyCount "37"]
[EventDate "2010.06.04"]

1. Nf3 d6 2. g3 g6 3. Bg2 Bg7 4. O-O f5 5. d3 Nf6 6. Nbd2 O-O 7. e4 Nc6 8. c3
e5 9. exf5 Bxf5 10. Nc4 Bg4 11. Ne3 Bd7 12. Re1 Qc8 13. Bd2 Ne7 14. Qc2 Nf5 15.
Nxf5 Bxf5 16. Red1 c6 17. Nh4 Bg4 18. Nf3 h6 19. Rdc1 1/2-1/2

[Event "C.to Regionale Umbria"]
[Site "Foligno ITA"]
[Date "2010.06.06"]
[Round "5"]
[White "Scipioni, Gaetano"]
[Black "Rotoni, Matteo"]
[Result "0-1"]
[WhiteElo "2048"]
[BlackElo "2142"]
[PlyCount "76"]
[EventDate "2010.06.04"]

1. d4 Nf6 2. Nf3 c5 3. c3 d5 4. Bf4 Nc6 5. e3 Qb6 6. Qb3 c4 7. Qxb6 axb6 8. Na3
Bf5 9. Nb5 Ra5 10. Nc7+ Kd8 11. Ne5 Nxe5 12. dxe5 Nd7 13. Nxd5 Rxd5 14. Bxc4
Rc5 15. Bxf7 Nxe5 16. Rd1+ Kc8 17. Bxe5 Rxe5 18. Bb3 g6 19. O-O Bg7 20. Rd2 Rd8
21. Rfd1 Rxd2 22. Rxd2 Be6 23. Bxe6+ Rxe6 24. g4 Rd6 25. Rc2 e5 26. e4 Bh6 27.
Kf1 Rd1+ 28. Kg2 Rd2 29. Rxd2 Bxd2 30. a4 Kc7 31. Kf3 Bc1 32. b3 Bd2 33. c4 Kc6
34. Ke2 Bf4 35. h4 Kc5 36. Kd3 Kb4 37. Kc2 h5 38. f3 Bg3 0-1

[Event "C.to Regionale Umbria"]
[Site "Foligno ITA"]
[Date "2010.06.06"]
[Round "5"]
[White "Tortolini, Francesco"]
[Black "Ognibene, Piero"]
[Result "0-1"]
[WhiteElo "1922"]
[BlackElo "1893"]
[PlyCount "63"]
[EventDate "2010.06.04"]

1. e4 e5 2. Nf3 Nc6 3. Bc4 Bc5 4. c3 Nf6 5. d4 exd4 6. cxd4 Bb4+ 7. Bd2 Nxe4 8.
Bxb4 Nxb4 9. Bxf7+ Kxf7 10. Qb3+ d5 11. Ne5+ Ke6 12. Qxb4 c5 13. Qa4 Qb6 14. b3
cxd4 15. Nf3 d3 16. O-O Rd8 17. Nbd2 Bd7 18. Qa3 Kf7 19. Nxe4 dxe4 20. Ng5+ Kg8
21. Nxe4 Bc6 22. Nd2 Qd4 23. Qa5 Rd5 24. Qc7 Rg5 25. g3 Qd5 26. f3 Qd4+ 27. Kg2
Re5 28. Rae1 Re2+ 29. Kh1 Rae8 30. Ne4 Bxe4 31. fxe4 Qxe4+ 32. Kg1 0-1

[Event "C.to Regionale Umbria"]
[Site "Foligno ITA"]
[Date "2010.06.06"]
[Round "5"]
[White "Verdi, Enea"]
[Black "Sirci, Gianluca"]
[Result "1-0"]
[WhiteElo "1437"]
[BlackElo "1401"]
[PlyCount "29"]
[EventDate "2010.06.04"]

1. e4 d5 2. exd5 Qxd5 3. d4 Nc6 4. Nf3 Bg4 5. Be2 Bxf3 6. Bxf3 Qxd4 7. Bxc6+
bxc6 8. Qxd4 Nf6 9. O-O e6 10. Qa4 Nd7 11. Nc3 Bd6 12. Ne4 Be5 13. f4 Bf6 14.
Nxf6+ Nxf6 15. Qxc6+ 1-0

[Event "C.to Regionale Umbria"]
[Site "Foligno ITA"]
[Date "2010.06.06"]
[Round "6"]
[White "Anasetti, Alberto"]
[Black "Ballarini, Martin"]
[Result "1-0"]
[WhiteElo "1673"]
[BlackElo "1461"]
[PlyCount "87"]
[EventDate "2010.06.04"]

1. e4 e5 2. Nf3 Nf6 3. Nxe5 d6 4. Nf3 Bg4 5. Nc3 Nbd7 6. Be2 Qe7 7. d3 O-O-O 8.
h3 Bxf3 9. Bxf3 h6 10. Be3 d5 11. exd5 Nb6 12. O-O Nfxd5 13. Nxd5 Nxd5 14. Bd2
f5 15. Re1 Qd6 16. Qe2 g5 17. Qe5 Qd7 18. Bxd5 Qxd5 19. Qxh8 f4 20. Qe5 Qd6 21.
Qe6+ Qxe6 22. Rxe6 Kd7 23. Rae1 h5 24. Bc3 g4 25. hxg4 hxg4 26. Bf6 Rc8 27. Bg5
g3 28. Bxf4 gxf2+ 29. Kxf2 Bc5+ 30. Kf3 Rf8 31. Rg6 Bd6 32. g3 Rf7 33. Kg4 Bf8
34. c3 a5 35. Re5 b6 36. Rf5 Re7 37. Rxf8 Re2 38. Rf7+ Ke8 39. Rxc7 Kf8 40.
Rxb6 Re8 41. Ra6 Kg8 42. Rxa5 Rd8 43. d4 Rf8 44. Rg5+ 1-0

[Event "C.to Regionale Umbria"]
[Site "Foligno ITA"]
[Date "2010.06.06"]
[Round "6"]
[White "Balducci, Alessandro"]
[Black "Ferri, Fabio"]
[Result "0-1"]
[WhiteElo "1774"]
[BlackElo "1819"]
[PlyCount "48"]
[EventDate "2010.06.04"]

1. f4 d5 2. Nf3 Bg4 3. e3 Nf6 4. b3 Nbd7 5. Bb2 e6 6. Be2 Bxf3 7. Bxf3 Bd6 8.
c4 c6 9. Nc3 dxc4 10. bxc4 e5 11. fxe5 Nxe5 12. Be2 Qc7 13. Qc2 O-O-O 14. O-O-O
Ng6 15. g3 Rhe8 16. e4 Bc5 17. Rhf1 Ne5 18. Rf4 Qd6 19. Na4 Bd4 20. c5 Bxb2+
21. Nxb2 Qd4 22. Bc4 Nxc4 23. Qxc4 Rxe4 24. d3 Qe3+ 0-1

[Event "C.to Regionale Umbria"]
[Site "Foligno ITA"]
[Date "2010.06.06"]
[Round "6"]
[White "Calandri, Fausto"]
[Black "Scipioni, Gaetano"]
[Result "1-0"]
[WhiteElo "2108"]
[BlackElo "2048"]
[PlyCount "85"]
[EventDate "2010.06.04"]

1. e4 d5 2. exd5 Qxd5 3. Nc3 Qa5 4. d4 Nf6 5. Nf3 c6 6. Bc4 Bf5 7. Bd2 e6 8.
Qe2 Bb4 9. O-O-O Nbd7 10. a3 Bxc3 11. Bxc3 Qc7 12. Ne5 Nxe5 13. dxe5 Nd5 14.
Bd2 h6 15. g4 Bg6 16. f4 O-O-O 17. Qf3 Rhe8 18. Rhe1 Bh7 19. h4 Bg6 20. h5 Bh7
21. Bb3 a5 22. Be3 Nxe3 23. Qxe3 b6 24. Bc4 Kb7 25. Bd3 Bxd3 26. Rxd3 Rxd3 27.
Qxd3 Rd8 28. Qe2 Rd4 29. Rd1 Qd7 30. Rd2 Kc7 31. c3 Rxd2 32. Qxd2 Qd5 33. a4
Qh1+ 34. Qd1 Qd5 35. Qd2 Qh1+ 36. Qd1 Qd5 37. Qd4 c5 38. Qxd5 exd5 39. f5 Kd7
40. g5 Ke8 41. gxh6 gxh6 42. Kc2 Ke7 43. Kb3 {...} 1-0

[Event "C.to Regionale Umbria"]
[Site "Foligno ITA"]
[Date "2010.06.06"]
[Round "6"]
[White "Cardinali, Egidio"]
[Black "Bonugli, Carlo"]
[Result "0-1"]
[WhiteElo "1999"]
[BlackElo "2020"]
[PlyCount "52"]
[EventDate "2010.06.04"]

1. e4 e6 2. d4 d5 3. exd5 exd5 4. Nf3 Bd6 5. Bd3 Bg4 6. Be3 Nc6 7. Nc3 Nf6 8.
Be2 O-O 9. Qd2 a6 10. h3 Bf5 11. a3 Qd7 12. O-O-O b5 13. Nh4 b4 14. axb4 Bxb4
15. Nxf5 Qxf5 16. Qd3 Qd7 17. Bg5 Ne8 18. Bf3 Bxc3 19. Qxc3 Rb8 20. Rhe1 Nb4
21. Qa3 Qf5 22. Qxb4 Rxb4 23. Be7 Rb8 24. Rd3 Nf6 25. Bxf8 Kxf8 26. Ra3 Qf4+
0-1

[Event "C.to Regionale Umbria"]
[Site "Foligno ITA"]
[Date "2010.06.06"]
[Round "6"]
[White "Cenci, Federico"]
[Black "Castaldini, Marzia"]
[Result "1-0"]
[WhiteElo "1986"]
[BlackElo "1425"]
[PlyCount "85"]
[EventDate "2010.06.04"]

1. d4 d5 2. c4 c6 3. Nc3 Bf5 4. cxd5 cxd5 5. Qb3 Nc6 6. Nf3 Na5 7. Qxd5 Qxd5 8.
Nxd5 Rc8 9. e3 e6 10. Bb5+ Nc6 11. Nc3 Nf6 12. O-O Bb4 13. Bd2 O-O 14. Rac1 Ne4
15. Nxe4 Bxe4 16. Bc3 Bxf3 17. gxf3 a6 18. Bxc6 Bxc3 19. Bxb7 Rb8 20. Rxc3 Rxb7
21. b3 f6 22. Rfc1 Rd7 23. Rc7 Rfd8 24. Rxd7 Rxd7 25. Kf1 e5 26. dxe5 fxe5 27.
Ke2 Kf7 28. Rc6 Ra7 29. b4 Ke7 30. Kd3 Kd7 31. Rb6 a5 32. b5 Kc7 33. Ra6 Rb7
34. a4 Rb6 35. Rxb6 Kxb6 36. Ke4 Kc5 37. Kxe5 Kb4 38. b6 Kxa4 39. b7 Ka3 40.
b8=Q a4 41. Kd4 Ka2 42. Kc3 a3 43. Kc2 1-0

[Event "C.to Regionale Umbria"]
[Site "Foligno ITA"]
[Date "2010.06.06"]
[Round "6"]
[White "Cuppone, Fiorinto"]
[Black "De Lucia, Alfredo"]
[Result "0-1"]
[WhiteElo "1619"]
[BlackElo "1582"]
[PlyCount "56"]
[EventDate "2010.06.04"]

1. e4 e6 2. d4 d5 3. Nd2 Nf6 4. e5 Nfd7 5. Bd3 c5 6. c3 Nc6 7. Ne2 cxd4 8. cxd4
a6 9. O-O b5 10. f4 b4 11. f5 Qb6 12. Nf3 Ndxe5 13. Nxe5 Nxe5 14. Bc2 Nc6 15.
Kh1 Be7 16. fxe6 Bxe6 17. Be3 O-O 18. Nf4 Ne5 19. Bxh7+ Kxh7 20. Qh5+ Kg8 21.
Qxe5 Bf6 22. Nxd5 Bxd5 23. Rxf6 Bxg2+ 24. Kxg2 Qxf6 25. Qc5 Rab8 26. b3 Rfe8
27. Rf1 Qg6+ 28. Kf2 Rbc8 0-1

[Event "C.to Regionale Umbria"]
[Site "Foligno ITA"]
[Date "2010.06.06"]
[Round "6"]
[White "Ficco, Corrado"]
[Black "Minelli, Francesco"]
[Result "1-0"]
[WhiteElo "2150"]
[BlackElo "1852"]
[PlyCount "79"]
[EventDate "2010.06.04"]

1. e4 c5 2. Nf3 d6 3. d4 cxd4 4. Nxd4 Nf6 5. Nc3 g6 6. Be3 Bg7 7. f3 Nc6 8. Qd2
O-O 9. O-O-O Be6 10. Kb1 Qc7 11. g4 Rfc8 12. h4 h5 13. gxh5 Nxh5 14. Nxe6 fxe6
15. Bh3 Ne5 16. Bxe6+ Kh8 17. Bh6 Nxf3 18. Bxg7+ Kxg7 19. Qe3 Rf8 20. Bg4 Qb6
21. Qxb6 axb6 22. Nd5 Nf6 23. Nxf6 Rxf6 24. Bxf3 Rxf3 25. h5 gxh5 26. Rxh5 Ra5
27. Rxa5 bxa5 28. b3 Rc3 29. Kb2 Rc5 30. c4 Kf6 31. Kc3 b5 32. Rf1+ Ke5 33.
Rf5+ Kxe4 34. Rxc5 dxc5 35. cxb5 Kd5 36. a4 e5 37. Kd3 Ke6 38. Ke4 Kd6 39. b6
Kc6 40. Kxe5 1-0

[Event "C.to Regionale Umbria"]
[Site "Foligno ITA"]
[Date "2010.06.06"]
[Round "6"]
[White "Franco, Alessandro P."]
[Black "Trasciatti, Mirko"]
[Result "1/2-1/2"]
[WhiteElo "1843"]
[BlackElo "1926"]
[PlyCount "58"]
[EventDate "2010.06.04"]

1. e4 e6 2. d4 d5 3. Nc3 dxe4 4. Nxe4 Bd7 5. Nf3 Bc6 6. Bd3 Nd7 7. O-O Ngf6 8.
Qe2 Be7 9. Re1 Bxe4 10. Bxe4 Nxe4 11. Qxe4 c6 12. Qg4 Bf6 13. a4 O-O 14. Ne5
Re8 15. Ra3 Qa5 16. Qe2 Rad8 17. Rh3 Nxe5 18. Bd2 Nf3+ 19. Rxf3 Qh5 20. c3 Bg5
21. Bxg5 Qxg5 22. Re3 Rd5 23. Re5 Rxe5 24. Qxe5 Qxe5 25. Rxe5 f6 26. Ra5 a6 27.
Rc5 Rd8 28. f4 Kf7 29. a5 Ke7 1/2-1/2

[Event "C.to Regionale Umbria"]
[Site "Foligno ITA"]
[Date "2010.06.06"]
[Round "6"]
[White "Gasperoni, Claudio"]
[Black "Marcugini, Stefano"]
[Result "1/2-1/2"]
[WhiteElo "1812"]
[BlackElo "1898"]
[PlyCount "47"]
[EventDate "2010.06.04"]

1. d4 g6 2. c4 Nf6 3. Nc3 Bg7 4. e4 d6 5. Nf3 O-O 6. Be2 e5 7. d5 a5 8. Bg5 Na6
9. Nd2 h6 10. Be3 Nc5 11. Rb1 Ne8 12. b3 f5 13. f3 Nf6 14. a3 fxe4 15. fxe4 Qe7
16. b4 axb4 17. axb4 Na6 18. O-O Bd7 19. c5 Rfc8 20. cxd6 cxd6 21. Nc4 b5 22.
Nxb5 Bxb5 23. Nb6 Bxe2 24. Qxe2 1/2-1/2

[Event "C.to Regionale Umbria"]
[Site "Foligno ITA"]
[Date "2010.06.06"]
[Round "6"]
[White "Marsili, Riccardo"]
[Black "Puglisi, Vincenzo"]
[Result "0-1"]
[WhiteElo "1907"]
[BlackElo "2015"]
[PlyCount "64"]
[EventDate "2010.06.04"]

1. e4 c5 2. Nf3 d6 3. d4 cxd4 4. Nxd4 Nf6 5. Nc3 g6 6. f3 a6 7. Be3 Bg7 8. Qd2
Qc7 9. O-O-O b5 10. Kb1 Bb7 11. Nb3 Nbd7 12. Bh6 Bxh6 13. Qxh6 Rc8 14. Bd3 Ne5
15. Qe3 Nc4 16. Bxc4 bxc4 17. Nd4 Rb8 18. Rhe1 O-O 19. g4 Ba8 20. h4 Qb6 21.
Qc1 Qa5 22. Ka1 Rb4 23. h5 Rfb8 24. b3 e5 25. hxg6 exd4 26. gxh7+ Nxh7 27. Rh1
Qg5 28. f4 Qg7 29. Rh5 cxb3 30. axb3 dxc3 31. Rxd6 Bxe4 32. f5 R8b6 0-1

[Event "C.to Regionale Umbria"]
[Site "Foligno ITA"]
[Date "2010.06.06"]
[Round "6"]
[White "Militello, Michele"]
[Black "Gennari, Dario"]
[Result "1-0"]
[WhiteElo "1835"]
[BlackElo "1836"]
[PlyCount "106"]
[EventDate "2010.06.04"]

1. d4 d5 2. Nf3 c6 3. e3 Nf6 4. Nbd2 a6 5. b3 Bg4 6. Be2 e6 7. h3 Bh5 8. Bb2
Nbd7 9. O-O Bd6 10. c4 O-O 11. Ne5 Bxe2 12. Qxe2 Re8 13. f4 Nf8 14. c5 Bc7 15.
b4 Ng6 16. g3 Nd7 17. Nxd7 Qxd7 18. Nf3 f6 19. g4 e5 20. dxe5 fxe5 21. f5 Nh8
22. Ng5 d4 23. Qc4+ Nf7 24. exd4 e4 25. Ne6 Bd8 26. Rae1 Qd5 27. Qxd5 cxd5 28.
Bc1 Bh4 29. Re2 Re7 30. Rg2 h6 31. Bf4 Ng5 32. Nxg5 Bxg5 33. Re2 Bf6 34. Be3
Rc8 35. Rb1 Rc6 36. a4 Re8 37. b5 axb5 38. axb5 Rc7 39. Ra2 b6 40. c6 Rcc8 41.
Ra7 Bg5 42. Kf2 Bh4+ 43. Ke2 Bg3 44. Rba1 Bc7 45. R1a3 Kf7 46. Bf4 Re7 47. Bxc7
Rcxc7 48. Rxc7 Rxc7 49. Ra6 Ke7 50. Rxb6 Kd6 51. Rb7 Rxb7 52. cxb7 Kc7 53. h4
Kxb7 1-0

[Event "C.to Regionale Umbria"]
[Site "Foligno ITA"]
[Date "2010.06.06"]
[Round "6"]
[White "Parrini, Daniele"]
[Black "Ognibene, Piero"]
[Result "1-0"]
[WhiteElo "2120"]
[BlackElo "1893"]
[PlyCount "31"]
[EventDate "2010.06.04"]

1. e4 e5 2. Nf3 Nc6 3. Bb5 g6 4. O-O Bg7 5. c3 Nge7 6. d4 exd4 7. cxd4 d5 8.
exd5 Nxd5 9. Re1+ Kf8 10. Bxc6 bxc6 11. Ne5 Qd6 12. Nd2 Bxe5 13. dxe5 Qe7 14.
Ne4 Qxe5 15. Bh6+ Kg8 16. Nf6+ 1-0

[Event "C.to Regionale Umbria"]
[Site "Foligno ITA"]
[Date "2010.06.06"]
[Round "6"]
[White "Pastore, Cosmas"]
[Black "Fracasso Pezzolato, Michele"]
[Result "0-1"]
[WhiteElo "1823"]
[BlackElo "1792"]
[PlyCount "78"]
[EventDate "2010.06.04"]

1. e4 c5 2. c3 d6 3. d4 cxd4 4. cxd4 Nf6 5. Nc3 e6 6. Nf3 Nc6 7. Be2 Be7 8. O-O
O-O 9. h3 a6 10. Be3 b5 11. a3 Bb7 12. Bd3 Rc8 13. Nd2 Nd7 14. Rc1 Nb6 15. Qe2
b4 16. axb4 Nxb4 17. Bb1 a5 18. Qg4 g6 19. Bh6 f5 20. exf5 exf5 21. Qd1 Rf7 22.
Bf4 Bg5 23. Bxg5 Qxg5 24. g3 Kg7 25. Kh2 Rfc7 26. Nf3 Qh5 27. Nh4 Qg5 28. Re1
N4d5 29. Qe2 Nf4 30. Qe3 Nxh3 31. Kxh3 Qg4+ 32. Kh2 Nc4 33. Qe2 Qxd4 34. Rcd1
Qc5 35. Na4 Qc6 36. b3 Ne5 37. Bxf5 gxf5 38. Nxf5+ Kh8 39. Rxd6 Qg2# 0-1

[Event "C.to Regionale Umbria"]
[Site "Foligno ITA"]
[Date "2010.06.06"]
[Round "6"]
[White "Sabia, Corrado"]
[Black "Rotoni, Matteo"]
[Result "1/2-1/2"]
[WhiteElo "2209"]
[BlackElo "2142"]
[PlyCount "70"]
[EventDate "2010.06.04"]

1. c4 e5 2. g3 Nc6 3. Bg2 g6 4. Nc3 Bg7 5. d3 d6 6. e4 h5 7. h4 Nd4 8. Bg5 f6
9. Be3 Bh6 10. f4 Bg4 11. Qd2 Ne7 12. Nd1 Qd7 13. Nf2 Be6 14. Ne2 c5 15. Nc3
O-O 16. O-O Kh7 17. Rae1 Ng8 18. Nd5 Bg7 19. Qd1 Nh6 20. Bxd4 cxd4 21. f5 gxf5
22. Qxh5 Qf7 23. Qe2 f4 24. gxf4 Rg8 25. f5 Bxd5 26. cxd5 Rac8 27. Rc1 Rxc1 28.
Rxc1 Bf8 29. Qf3 Qg7 30. Rc2 Kh8 31. Kh1 Ng4 32. Nxg4 Qxg4 33. Qxg4 Rxg4 34.
Rc8 Rxh4+ 35. Kg1 35... Kg8 {...} 1/2-1/2

[Event "C.to Regionale Umbria"]
[Site "Foligno ITA"]
[Date "2010.06.06"]
[Round "6"]
[White "Santocchi, Nicolas"]
[Black "Bassini, Massimo"]
[Result "1/2-1/2"]
[WhiteElo "1512"]
[BlackElo "1588"]
[PlyCount "81"]
[EventDate "2010.06.04"]

1. e4 e5 2. Nf3 Nf6 3. Nxe5 d6 4. Nf3 Nxe4 5. d4 d5 6. Be2 Be7 7. O-O O-O 8.
Bf4 Bf5 9. Nbd2 Nc6 10. Re1 Bd6 11. Bxd6 Qxd6 12. Bd3 Rfe8 13. Nb3 b6 14. c3
Re7 15. Qc2 Rae8 16. Re3 Bg4 17. Nbd2 Bxf3 18. Nxf3 Nf6 19. Rae1 Nd8 20. Ne5
Ne6 21. Bb5 Rf8 22. Nc6 Ree8 23. Ne5 Rc8 24. Nxf7 Kxf7 25. Rxe6 Qxe6 26. Rxe6
Kxe6 27. Qe2+ Kf7 28. Bc6 Rcd8 29. Qe5 Rd6 30. Bb5 Re6 31. Qxc7+ Re7 32. Qf4
Re1+ 33. Bf1 Rfe8 34. g3 Ra1 35. Kg2 Rxa2 36. b4 Rc2 37. Qc7+ Re7 38. Qc6 Rc1
39. Bd3 Re6 40. Qc7+ Re7 41. Qc6 1/2-1/2

[Event "C.to Regionale Umbria"]
[Site "Foligno ITA"]
[Date "2010.06.06"]
[Round "6"]
[White "Tortolini, Francesco"]
[Black "Verdi, Enea"]
[Result "1-0"]
[WhiteElo "1922"]
[BlackElo "1437"]
[PlyCount "51"]
[EventDate "2010.06.04"]

1. e4 e5 2. Nf3 Nc6 3. Bc4 Nf6 4. Ng5 d5 5. exd5 Nxd5 6. Nxf7 Kxf7 7. Qf3+ Ke8
8. Bxd5 Qd7 9. Bxc6 Qxc6 10. Qxc6+ bxc6 11. O-O Bd6 12. Re1 Kd7 13. Nc3 Ba6 14.
d3 h6 15. Be3 c5 16. Na4 c4 17. d4 exd4 18. Bxd4 Bb7 19. Rad1 h5 20. Be5 Bc6
21. Nc5+ Kc8 22. Bxd6 cxd6 23. Rxd6 Kc7 24. Ree6 Bb5 25. Na6+ Kb7 26. Re7+ 1-0

[Event "C.to Regionale Umbria"]
[Site "Foligno ITA"]
[Date "2010.06.06"]
[Round "6"]
[White "Yamauchi, Juan"]
[Black "Sirci, Gianluca"]
[Result "0-1"]
[WhiteElo "1487"]
[BlackElo "1401"]
[PlyCount "70"]
[EventDate "2010.06.04"]

1. d4 d5 2. Nf3 Nc6 3. g3 Bf5 4. Bg2 Nb4 5. Na3 Qd7 6. O-O Qc6 7. c3 Na6 8. Ne5
Qe6 9. Nb5 c6 10. Na3 f6 11. Nd3 Nh6 12. h3 Bxh3 13. Nf4 Qf7 14. Bxh3 e5 15.
dxe5 fxe5 16. Ne6 Nf5 17. Bxf5 Qxf5 18. Ng5 Be7 19. Nf3 Nc5 20. Nc2 Ne4 21. Ne3
Qe6 22. Kg2 h5 23. Rh1 g5 24. Nh2 O-O-O 25. f3 Nf6 26. Nef1 Rdf8 27. Bxg5 Rhg8
28. Bxf6 Rxf6 29. Qd3 e4 30. fxe4 Rgf8 31. Nd2 Rf2+ 32. Kg1 Bc5 33. e3 Qh3 34.
Qf1 Qxg3+ 35. Qg2 Rxg2# 0-1

[Event "I Festival A"]
[Site "Roseto degli Abruzzi ITA"]
[Date "2010.06.04"]
[Round "1"]
[White "Ansell, Simon T."]
[Black "Vita, Fabrizio"]
[WhiteElo "2384"]
[BlackElo "2082"]
[Result "1-0"]
[PlyCount "81"]
[EventDate "2010.06.04"]

1. e4 c5 2. Nf3 g6 3. d4 cxd4 4. Qxd4 Nf6 5. e5 Nc6 6. Qa4 Nd5 7. Qe4 Nb6 8.
Nc3 Bg7 9. Bf4 O-O 10. O-O-O d5 11. exd6 Bxc3 12. bxc3 exd6 13. Rxd6 Bd7 14.
Bc4 Nxc4 15. Qxc4 Be6 16. Rxd8 Bxc4 17. Rxa8 Rxa8 18. a3 Bd5 19. Rd1 Bxf3 20.
gxf3 Rd8 21. Rd3 Kf8 22. Bd6+ Ke8 23. c4 Kd7 24. c5 Ke6 25. Kd2 Kf5 26. Rd5+
Ke6 27. c4 b5 28. Kc3 bxc4 29. Rd1 h5 30. Kxc4 Ne5+ 31. Kb5 Nxf3 32. Rd3 Ng5
33. Re3+ Kd7 34. Re7+ Kc8 35. Rxa7 Ne4 36. Ra8+ Kd7 37. Rxd8+ Kxd8 38. a4 Nxf2
39. a5 Ne4 40. a6 Kc8 41. Kc6 1-0

[Event "I Festival A"]
[Site "Roseto degli Abruzzi ITA"]
[Date "2010.06.04"]
[Round "1"]
[White "Bellincampi, Stefano"]
[Black "Cocchi, Andrea"]
[WhiteElo "2046"]
[BlackElo "2244"]
[Result "1/2-1/2"]
[PlyCount "27"]
[EventDate "2010.06.04"]

1. e4 c6 2. d4 d5 3. Nd2 g6 4. Ngf3 Bg7 5. c3 Nh6 6. Bd3 O-O 7. O-O Re8 8. Re1
Nd7 9. Nf1 dxe4 10. Bxe4 Nf6 11. Bd3 Nf5 12. Ne5 Nd6 13. Ng3 Be6 14. Qe2
1/2-1/2

[Event "I Festival A"]
[Site "Roseto degli Abruzzi ITA"]
[Date "2010.06.04"]
[Round "1"]
[White "Dinter, Brian"]
[Black "Pap, Misa"]
[WhiteElo "2116"]
[BlackElo "2504"]
[Result "0-1"]
[PlyCount "65"]
[EventDate "2010.06.04"]

1. d4 Nf6 2. Bf4 c5 3. e3 e6 4. c3 Be7 5. Nd2 O-O 6. h3 Nd5 7. Bg3 f5 8. Bxb8
Rxb8 9. Ngf3 b5 10. Be2 f4 11. e4 Ne3 12. fxe3 Bh4+ 13. Kf1 fxe3 14. g3 Bxg3
15. Kg2 Bf4 16. Nf1 Bb7 17. Bd3 Qf6 18. Rg1 c4 19. Bc2 Qg6+ 20. Kh1 Qh5 21.
N1h2 Qxh3 22. Qf1 Qh6 23. Rg2 Rf7 24. Qe2 Rbf8 25. Rf1 Qh3 26. Kg1 Bg3 27. Kh1
Bxh2 28. Rxh2 Qxf1+ 29. Qxf1 Rxf3 30. Qe2 Rf1+ 31. Kg2 R8f2+ 32. Kh3 Rxe2 33.
Rxe2 0-1

[Event "I Festival A"]
[Site "Roseto degli Abruzzi ITA"]
[Date "2010.06.04"]
[Round "1"]
[White "Luigini, Ottavio"]
[Black "Sveshnikov, Vladimir"]
[WhiteElo "2067"]
[BlackElo "2382"]
[Result "0-1"]
[PlyCount "70"]
[EventDate "2010.06.04"]

1. c4 e6 2. g3 Nf6 3. Bg2 d5 4. Nc3 Be7 5. Nf3 O-O 6. d4 dxc4 7. O-O Nc6 8. e4
a6 9. h3 b5 10. d5 Nb4 11. dxe6 Bxe6 12. Nd4 Qd7 13. Nxe6 Qxe6 14. Nd5 Rad8 15.
Nxe7+ Qxe7 16. Qe2 Rfe8 17. b3 c3 18. a4 Nd3 19. axb5 axb5 20. e5 Qxe5 21. Qxe5
Nxe5 22. Be3 b4 23. Ra7 h6 24. Rxc7 Nd5 25. Bxd5 Rxd5 26. Ra1 Red8 27. Ra4 R5d7
28. Rc5 Nd3 29. Rc6 Ne5 30. Rc5 Nd3 31. Rc6 Rb7 32. h4 Kh7 33. Kg2 Rdd7 34.
Raa6 Rbc7 35. Kf1 c2 0-1

[Event "I Festival A"]
[Site "Roseto degli Abruzzi ITA"]
[Date "2010.06.04"]
[Round "1"]
[White "Marholev, Dimitar"]
[Black "Sbraccia, Giovanni"]
[WhiteElo "2433"]
[BlackElo "2091"]
[Result "1-0"]
[PlyCount "103"]
[EventDate "2010.06.04"]

1. e4 c6 2. d4 d5 3. Nc3 dxe4 4. Nxe4 Bf5 5. Nc5 Qb6 6. Nf3 e6 7. Nd3 Nf6 8. a4
a5 9. Nde5 Nbd7 10. Nc4 Qc7 11. g3 Nd5 12. Bg2 N7b6 13. Nce5 f6 14. Nd3 Bd6 15.
O-O O-O 16. Nh4 Bxd3 17. Qxd3 c5 18. Qe2 Rfe8 19. c4 Nb4 20. dxc5 Bxc5 21. b3
Rad8 22. Bf4 Qe7 23. Be3 Nc6 24. Rad1 Rxd1 25. Rxd1 g6 26. Bxc6 bxc6 27. Bd2
Rd8 28. Bxa5 Rxd1+ 29. Qxd1 Bxf2+ 30. Kxf2 Qc5+ 31. Kg2 Qxa5 32. Qd8+ Kf7 33.
Qc7+ Kf8 34. Qxc6 Qa8 35. Qxa8+ Nxa8 36. a5 Ke7 37. Kf3 Kd6 38. b4 g5 39. Ng2
Nc7 40. Ne1 f5 41. Ke3 e5 42. Nf3 f4+ 43. Ke4 fxg3 44. hxg3 Na6 45. b5 Nc5+ 46.
Ke3 Ne6 47. a6 Nc7 48. Nxg5 Kc5 49. Kd3 Na8 50. Kc3 h5 51. Ne4+ Kb6 52. Kb4 1-0

[Event "I Festival A"]
[Site "Roseto degli Abruzzi ITA"]
[Date "2010.06.04"]
[Round "1"]
[White "Napoli, Nicolo'"]
[Black "Spada, Angelo"]
[WhiteElo "2334"]
[BlackElo "2058"]
[Result "1-0"]
[PlyCount "95"]
[EventDate "2010.06.04"]

1. e4 e5 2. Nf3 Nc6 3. d4 exd4 4. Nxd4 Nf6 5. Nxc6 bxc6 6. e5 Qe7 7. Qe2 Nd5 8.
c4 Ba6 9. b3 O-O-O 10. Qb2 Nf6 11. Be2 Ne4 12. Nd2 Nxd2 13. Bxd2 Re8 14. Bc3
Rg8 15. O-O f5 16. exf6 gxf6 17. Bf3 Qf7 18. Rfe1 Be7 19. Rad1 f5 20. Qd2 Rd8
21. Qe3 Bf6 22. Qxa7 Bb7 23. Bxf6 Qxf6 24. a4 Rxg2+ 25. Bxg2 Rg8 26. Kh1 f4 27.
Qd4 Qf7 28. Bf3 Kb8 29. Qxd7 Qf6 30. Re8+ Rxe8 31. Qxe8+ Ka7 32. Qd8 Qf5 33.
Qxc7 Qc5 34. Rd7 Qb4 35. Qxb7+ Qxb7 36. Bxc6 Qxd7 37. Bxd7 Kb6 38. b4 h5 39.
a5+ Ka6 40. Bc8+ Ka7 41. b5 h4 42. b6+ Kb8 43. Ba6 h3 44. c5 f3 45. c6 Ka8 46.
Kg1 Kb8 47. c7+ Ka8 48. c8=Q# 1-0

[Event "I Festival A"]
[Site "Roseto degli Abruzzi ITA"]
[Date "2010.06.04"]
[Round "1"]
[White "Palermo, Stefano"]
[Black "Salvador, Roland"]
[WhiteElo "2097"]
[BlackElo "2485"]
[Result "0-1"]
[PlyCount "90"]
[EventDate "2010.06.04"]

1. e4 c5 2. Nf3 e6 3. d4 cxd4 4. Nxd4 a6 5. Bd3 Bc5 6. Nb3 Ba7 7. Qe2 d6 8. Be3
Nc6 9. Nc3 Nf6 10. O-O-O b5 11. f4 b4 12. Na4 Bd7 13. Bxa7 Nxa7 14. e5 Bxa4 15.
exf6 Qxf6 16. f5 O-O 17. fxe6 fxe6 18. Bxa6 Bxb3 19. axb3 Nc6 20. Kb1 Nd4 21.
Qd3 e5 22. Rhf1 Qe7 23. Rxf8+ Rxf8 24. c3 bxc3 25. bxc3 Nf5 26. g4 Nh6 27. h3
Rd8 28. Bc4+ Kh8 29. Bd5 Ng8 30. Bxg8 Kxg8 31. Qd5+ Kh8 32. Kb2 h6 33. c4 e4
34. c5 e3 35. cxd6 Qf6+ 36. Ka3 e2 37. Rc1 Qf2 38. Qe4 Qf1 39. Kb2 Qf6+ 40. Kb1
Rb8 41. Ka2 Qf2 42. Ka1 Qf1 43. Kb2 Qf6+ 44. Ka2 Qg5 45. d7 Qd2+ 0-1

[Event "I Festival A"]
[Site "Roseto degli Abruzzi ITA"]
[Date "2010.06.04"]
[Round "1"]
[White "Procacci, Sergio"]
[Black "Bove, Alessandro"]
[WhiteElo "2060"]
[BlackElo "2346"]
[Result "0-1"]
[PlyCount "80"]
[EventDate "2010.06.04"]

1. f4 Nf6 2. e3 d5 3. b3 d4 4. Bd3 e6 5. Nf3 dxe3 6. dxe3 Bb4+ 7. Bd2 Bc5 8.
Nc3 Ng4 9. Qe2 Qf6 10. Nd4 Nxe3 11. Bxe3 Bxd4 12. Ne4 Bxa1 13. Nxf6+ Bxf6 14.
O-O Nc6 15. Be4 Bd7 16. a4 O-O 17. Qf2 g6 18. Kh1 Rad8 19. Bc5 Rfe8 20. Rd1 b6
21. Ba3 Bc8 22. Re1 Ne7 23. g4 Bc3 24. Rf1 c5 25. Bc1 f5 26. gxf5 exf5 27. Bf3
Nd5 28. h4 Nf6 29. Qg2 Kf7 30. Bc6 Re6 31. Bf3 Re7 32. Kh2 h5 33. Rg1 Ng4+ 34.
Bxg4 hxg4 35. Kg3 Bb7 36. Qf1 Bd4 37. h5 Rh8 38. Rh1 Bxh1 39. Qxh1 Rxh5 40.
Qd5+ Kg7 0-1

[Event "I Festival A"]
[Site "Roseto degli Abruzzi ITA"]
[Date "2010.06.04"]
[Round "1"]
[White "Romanishin, Oleg M."]
[Black "Lauria, Amilcare"]
[WhiteElo "2519"]
[BlackElo "2116"]
[Result "1-0"]
[PlyCount "67"]
[EventDate "2010.06.04"]

1. d4 g6 2. g3 Bg7 3. Bg2 d6 4. Nf3 Nf6 5. O-O O-O 6. a4 a5 7. Nc3 Na6 8. e4 c6
9. h3 Nb4 10. Be3 d5 11. e5 Ne8 12. Ne2 Nc7 13. c3 Nba6 14. Qd2 Be6 15. Bh6 Qd7
16. Bxg7 Kxg7 17. Nf4 f6 18. Rfe1 Rae8 19. Re2 Bg8 20. h4 Be6 21. Rae1 Bg4 22.
e6 Qd6 23. Re3 Bxf3 24. Bxf3 Rd8 25. Kg2 Ne8 26. h5 g5 27. h6+ Kh8 28. Nh5 Qb8
29. Bg4 Nd6 30. Rf3 Ne4 31. Qd3 c5 32. Rf5 c4 33. Qe2 Nc7 34. f3 1-0